000 00314nam a2200121Ia 4500
008 241015s9999 xx 000 0 und d
041 _aeng
082 _a282.092 TEJ
100 _aTejpal, Tarun J
245 _aThe Line of Mercy: A Novel
260 _bHarper Collins India
_aHaryana
_c2022
300 _a757;. P. 22 cm
999 _c41917
_d41917